Legia Warszawa Squad 2023-2024 - Statistics

General Stats
  • This quiz has been taken 123 times
    118 since last reset
  • The average score is 21 of 36
Answer Stats
# Position Nation Player % Correct
1 GK Poland Kacper Tobiasz
98%
7 FW Czech Republic Tomáš Pekhart
84%
25 MF Japan Ryoya Morishita
82%
3 DF France Steve Kapuadi
80%
67 MF Poland Bartosz Kapustka
77%
22 MF Colombia Juergen Elitim
77%
28 FW Spain Marc Gual
77%
27 MF Portugal Josué
76%
55 DF Poland Artur Jędrzejczyk
75%
13 MF Poland Paweł Wszołek
74%
20 MF Albania Ernest Muçi
73%
12 DF Serbia Radovan Pankov
72%
9 FW Slovenia Blaž Kramer
71%
4 DF Switzerland Marco Burch
69%
8 MF Poland Rafał Augustyniak
67%
5 DF Portugal Yuri Ribeiro
64%
- Coach Germany Kosta Runjaić
63%
21 MF Albania Jurgen Çelhaka
62%
39 FW Poland Maciej Rosołek
61%
33 MF Poland Patryk Kun
57%
99 MF Poland Bartosz Slisz
56%
30 GK Poland Dominik Hładun
56%
23 GK Poland Gabriel Kobylak
51%
31 GK Poland Cezary Miszta
49%
29 DF Mauritius Lindsay Rose
45%
86 MF Poland Igor Strzałek
44%
17 MF Portugal Gil Dias
42%
14 MF Ukraine Igor Kharatin
42%
11 MF Kosovo Qëndrim Zyba
38%
24 DF Poland Jan Ziółkowski
37%
32 FW Germany Makana Baku
34%
11 MF Slovakia Robert Pich
31%
6 MF Russia Ramil Mustafaev
30%
26 MF Poland Filip Rejczyk
26%
18 MF Poland Patryk Sokołowski
25%
77 MF Poland Jakub Jędrasik
16%
No matching quizzes found
Score Distribution
Percent of People with Each Score
Percentile by Number Answered
Your Score History
You have not taken this quiz since the last reset